Beyond the Internet (Record no. 9026)

MARC details
000 -LEADER
fixed length control field 00455nam a2200205Ia 4500
001 - CONTROL NUMBER
control field 085574
003 - CONTROL NUMBER IDENTIFIER
control field YMCAF
005 - DATE AND TIME OF LATEST TRANSACTION
control field 20230512161523.0
008 - FIXED-LENGTH DATA ELEMENTS--GENERAL INFORMATION
fixed length control field 100717s2003 ||||||||||||||||| ||und|d
024 ## - OTHER STANDARD IDENTIFIER
Standard number or code 85574
035 ## - SYSTEM CONTROL NUMBER
System control number 25033
040 ## - CATALOGING SOURCE
Original cataloging agency YMCAF
Language of cataloging eng
Transcribing agency IN-KoLT
041 ## - LANGUAGE CODE
Language code of text/sound track or separate title eng
082 ## - DEWEY DECIMAL CLASSIFICATION NUMBER
Classification number 004.678
Item number SMI
100 ## - MAIN ENTRY--PERSONAL NAME
Personal name Smith, Larry
245 #0 - TITLE STATEMENT
Title Beyond the Internet
Remainder of title How Experts
260 ## - PUBLICATION, DISTRIBUTION, ETC.
Name of publisher, distributor, etc. Macmillan
Date of publication, distribution, etc. 2003
300 ## - PHYSICAL DESCRIPTION
Extent 246
942 ## - ADDED ENTRY ELEMENTS (KOHA)
Source of classification or shelving scheme Dewey Decimal Classification
Koha item type Books
Holdings
Withdrawn status Lost status Damaged status Not for loan Home library Current library Date acquired Cost, normal purchase price Total Checkouts Barcode Date last seen Cost, replacement price Price effective from Koha item type Public note G
        JC Bose University of Science & Technology JC Bose University of Science & Technology 17/07/2010 205.00   25034 12/05/2023 205.00 12/05/2023 Books C LDL 3514
        JC Bose University of Science & Technology JC Bose University of Science & Technology 17/07/2010 205.00   25033 12/05/2023 205.00 12/05/2023 Books C LDL 3514